Use of English

Saved in:
Bibliographic Details
Format: Book
Tags: Add Tag
No Tags, Be the first to tag this record!
Institutions: Mạng thư viện Đại học Đà Nẵng
LEADER 00406nam a22001571a 4500
001 000036052
003 12344
005 20160322090148.0
008 160322s0 000
245 |a Use of English  |c Harrison, M. (2007). Oxford University Press 
OWN |a LNN 
999 |a From the UDN01 
TYP |a Monograph 
980 |a Mạng thư viện Đại học Đà Nẵng